Некоторые проблемы развития инженерной мысли в России и перспективы непрерывного профессионального образования инженеров; Инженерное образование; № 6
| Parent link: | Инженерное образование: электронный научный журнал/ Ассоциация инженерного образования России (АИОР).— : [Б. и.], 2003-.— 1810-2883 № 6.— 2010.— [С. 76-83] |
|---|---|
| Autor principal: | |
| Altres autors: | , |
| Sumari: | Заглавие с титульного листа Вкратце рассмотрены некоторые общие проблемы подготовки инженеров с креативным мышлением. Подробнее освещены специфические проблемы, связанные с развитием отечественной инженерии в условиях изоляции, раскрыты причины ее низкой креативности. Перспективы развития инженерной мысли связываются в основном с системами непрерывного профессионального образования на предприятиях, занимающихся инновационной деятельностью, таких как ОАО "Информационные спутниковые системы". The article underlines the general problems of engineer training with creative mentality. Specific problems associated with the development of domestic engineering under conditions of isolation, reasons of its low creativity are described. Perspective development of engineering is mainly connected with the system of advanced life-long professional engineering learning at different enterprises, engaged in innovation activities, such as Joint Stock company (JSc) "Information Satellite Systems". |
| Idioma: | rus |
| Publicat: |
2010
|
| Col·lecció: | Проблемы и перспективы развития инженерного образования |
| Matèries: | |
| Accés en línia: | https://old.aeer.ru/files/io/m6/art_12.pdf |
| Format: | MixedMaterials Electrònic Capítol de llibre |
| KOHA link: | https://koha.lib.tpu.ru/cgi-bin/koha/opac-detail.pl?biblionumber=512020 |
MARC
| LEADER | 00000naa2a2200000 4500 | ||
|---|---|---|---|
| 001 | 512020 | ||
| 005 | 20250520152631.0 | ||
| 035 | |a (RuTPU)RU\TPU\prd\188665 | ||
| 035 | |a RU\TPU\prd\188598 | ||
| 090 | |a 512020 | ||
| 100 | |a 20130703d2010 k y0rusy50 ca | ||
| 101 | 0 | |a rus | |
| 102 | |a RU | ||
| 135 | |a drnn ---uucaa | ||
| 181 | 0 | |a i | |
| 182 | 0 | |a b | |
| 200 | 1 | |a Некоторые проблемы развития инженерной мысли в России и перспективы непрерывного профессионального образования инженеров |b Электронный ресурс |f С. Г. Кукушкин, М. В. Лукьяненко, Н. П. Чурляева | |
| 203 | |a Текст |c электронный | ||
| 215 | |a 1 файл (272 Кб) | ||
| 225 | 1 | |a Проблемы и перспективы развития инженерного образования | |
| 230 | |a Электронные текстовые данные (1 файл : 272 Кб) | ||
| 300 | |a Заглавие с титульного листа | ||
| 320 | |a [Библиогр.: с. 83 (12 назв.)] | ||
| 330 | |a Вкратце рассмотрены некоторые общие проблемы подготовки инженеров с креативным мышлением. Подробнее освещены специфические проблемы, связанные с развитием отечественной инженерии в условиях изоляции, раскрыты причины ее низкой креативности. Перспективы развития инженерной мысли связываются в основном с системами непрерывного профессионального образования на предприятиях, занимающихся инновационной деятельностью, таких как ОАО "Информационные спутниковые системы". | ||
| 330 | |a The article underlines the general problems of engineer training with creative mentality. Specific problems associated with the development of domestic engineering under conditions of isolation, reasons of its low creativity are described. Perspective development of engineering is mainly connected with the system of advanced life-long professional engineering learning at different enterprises, engaged in innovation activities, such as Joint Stock company (JSc) "Information Satellite Systems". | ||
| 337 | |a Adobe Reader | ||
| 461 | 1 | |0 (RuTPU)RU\TPU\prd\176632 |x 1810-2883 |t Инженерное образование |o электронный научный журнал |f Ассоциация инженерного образования России (АИОР) |n [Б. и.] |d 2003- | |
| 463 | 1 | |0 (RuTPU)RU\TPU\prd\188340 |t № 6 |v [С. 76-83] |d 2010 | |
| 610 | 1 | |a высшее профессиональное образование | |
| 610 | 1 | |a инженерное образование | |
| 610 | 1 | |a российские специалисты | |
| 610 | 1 | |a инженеры | |
| 610 | 1 | |a подготовка | |
| 610 | 1 | |a непрерывное образование | |
| 610 | 1 | |a проблемы | |
| 610 | 1 | |a креативное мышление | |
| 610 | 1 | |a отечественная инженерия | |
| 610 | 1 | |a развитие | |
| 610 | 1 | |a креативность | |
| 610 | 1 | |a перспективы | |
| 610 | 1 | |a электронный ресурс | |
| 700 | 1 | |a Кукушкин |b С. Г. | |
| 701 | 1 | |a Лукьяненко |b М. В. | |
| 701 | 1 | |a Чурляева |b Н. П. | |
| 801 | 1 | |a RU |b 63413507 |c 20090623 |g PSBO | |
| 801 | 2 | |a RU |b 63413507 |c 20130703 |g PSBO | |
| 856 | 4 | |u https://old.aeer.ru/files/io/m6/art_12.pdf | |
| 942 | |c BK | ||